[Event "XXV Festival internazionale - Open A"]
[Site "Bled SLO"]
[Date "2008.02.25"]
[Round "4"]
[White "Dimitrov, Pavel"]
[Black "Stojanovic, Andjelija"]
[Result "1-0"]
[WhiteElo "2448"]
[BlackElo "2310"]
[PlyCount "51"]
[EventDate "8.02.24"]
[Source "www.chesslib.no"]
[SourceDate "2004.05.04"]

1. f4 e5 2. fxe5 d6 3. exd6 Bxd6 4. Nf3 Nf6 5. d4 Bf5 6. e3 Ne4 7. Bd3 Nd7 8. Nbd2 Ndf6 9. O-O Qe7 10. Nc4 Ng4 11. Nxd6+ cxd6 12. h3 h5 13. Qe1 d5 14. Ne5 Qg5 15. Bb5+ Kf8 16. h4 Qf6 17. Nd7+ Bxd7 18. Rxf6 Ngxf6 19. Qb4+ Ke8 20. b3 a6 21. Bxd7+ Kxd7 22. Qxb7+ Ke6 23. Ba3 Rhe8 24. Rf1 Rad8 25. Qc6+ Nd6 26. Bxd6 1-0

[Event "Politiken Cup"]
[Site "?"]
[Date "1999.07.11"]
[Round "8"]
[White "Danielsen Henrik"]
[Black "Lyell Mark"]
[Result "1-0"]
[WhiteElo "2512"]
[BlackElo "2238"]
[PlyCount "55"]
[EventDate "1999.??.??"]
[Source "www.chesslib.no"]
[SourceDate "2004.05.04"]

1. f4 e5 2. fxe5 d6 3. Nf3 dxe5 4. e4 Bc5 5. c3 Nc6 6. b4 Bd6 7. Na3 Nf6 8. Qc2 O-O 9. Be2 Nh5 10. d3 f5 11. O-O Qe8 12. Nc4 f4 13. d4 a6 14. Qb3 Kh8 15. Nfxe5 Bxe5 16. Nxe5 Nxe5 17. dxe5 g5 18. Qc4 Be6 19. Qxc7 b5 20. Qb6 Rc8 21. Bxh5 Qxh5 22. Qxe6 Qe2 23. a4 Rc4 24. axb5 f3 25. gxf3 g4 26. Bg5 gxf3 27. Bf6+ Rxf6 28. Qxf6+ 1-0

[Event "Mipap Cup, Olomouc CZE"]
[Site "?"]
[Date "2001.??.??"]
[Round "8"]
[White "Kholmov, R."]
[Black "Colin, V."]
[Result "0-1"]
[WhiteElo "2425"]
[BlackElo "2325"]
[PlyCount "106"]
[EventDate "2001.??.??"]
[Source "www.chesslib.no"]
[SourceDate "2004.05.04"]

1. f4 e5 2. fxe5 d6 3. exd6 Bxd6 4. Nf3 g5 5. g3 g4 6. Nh4 Ne7 7. d4 Ng6 8. Ng2 Nc6 9. c3 h5 10. Qd3 h4 11. Nf4 Qf6 12. Nxg6 fxg6 13. Bg2 hxg3 14. hxg3 Rxh1+ 15. Bxh1 Bf5 16. Bxc6+ bxc6 17. e4 Qe6 18. Nd2 g5 19. Kd1 Bg6 20. b4 Kf7 21. Qf1+ Kg7 22. e5 Be7 23. Nc4 Rf8 24. Qe2 Rf3 25. Be3 Qf5 26. Ke1 Rxg3 27. Rc1 Rh3 28. Bg1 g3 29. Qg2 Qe4+ 30. Qxe4 Bxe4 31. Ke2 g4 32. Nd2 Bg5 33. Re1 Bg6 34. Nf1 g2 35. Ne3 Be4 36. Bf2 Bf4 37. Bg1 Bh2 38. Nxg4 Bf3+ 39. Kf2 Bg3+ 40. Kxf3 Bxe1+ 41. Ke2 Bxc3 42. Ne3 Bxb4 43. Nxg2 Rg3 44. Kf2 Ra3 45. Nf4 Rxa2+ 46. Kf3 Kf7 47. Ke4 Be7 48. Nd3 a5 49. Be3 a4 50. d5 cxd5+ 51. Kxd5 a3 52. Kc4 Re2 53. Bd4 Re4 0-1

[Event "ROM-chT"]
[Site "?"]
[Date "1998.??.??"]
[Round "1"]
[White "Berescu Alin"]
[Black "Tomescu Vlad"]
[Result "1-0"]
[WhiteElo "2320"]
[BlackElo "2415"]
[PlyCount "83"]
[EventDate "1998.??.??"]
[Source "www.chesslib.no"]
[SourceDate "2004.05.04"]

1. f4 e5 2. fxe5 d6 3. exd6 Bxd6 4. Nf3 g5 5. d4 g4 6. Ne5 Bxe5 7. dxe5 Qxd1+ 8. Kxd1 Nc6 9. Bf4 Be6 10. Nc3 Nge7 11. e3 Ng6 12. Bg5 Ngxe5 13. Ne4 h6 14. Bf6 O-O 15. h3 Bf5 16. Ng3 Be6 17. Be2 gxh3 18. gxh3 Nd7 19. Bc3 f6 20. Nh5 Kf7 21. Kd2 Nce5 22. Raf1 Ke7 23. b3 Rf7 24. h4 Rg8 25. Rhg1 Rff8 26. Rxg8 Bxg8 27. Rg1 Bf7 28. Ng7 Bg6 29. Kc1 Kf7 30. Nh5 Rg8 31. Nf4 Bh7 32. Bh5+ Ng6 33. Nd5 c6 34. Nxf6 Nxf6 35. Rf1 Ke7 36. Rxf6 Nxh4 37. Rxh6 Bg6 38. Bxg6 Nxg6 39. Rh7+ Ke6 40. Rxb7 Nh4 41. Rxa7 Nf5 42. e4 1-0

[Event "Corr"]
[Site "?"]
[Date "1999.03.15"]
[Round "?"]
[White "Nicholls Mervyn C.(ENG)"]
[Black "Siviero Giuseppe"]
[Result "1/2-1/2"]
[WhiteElo "2321"]
[BlackElo "2411"]
[PlyCount "37"]
[EventDate "1999.??.??"]
[Source "www.chesslib.no"]
[SourceDate "2004.05.04"]

1. f4 e5 2. fxe5 d6 3. exd6 Bxd6 4. Nf3 Nf6 5. d4 O-O 6. Bg5 Re8 7. Qd3 Nc6 8. c3 h6 9. Bh4 Bf4 10. Nbd2 g5 11. Bf2 Qd5 12. h3 Bf5 13. Qc4 Qxc4 14. Nxc4 Ne4 15. Rg1 Bg3 16. Bxg3 Nxg3 17. Kf2 Ne4+ 18. Ke1 Ng3 19. Kf2 1/2-1/2

[Event "San Jose"]
[Site "San Jose, CA USA"]
[Date "1994.??.??"]
[Round "9"]
[White "Gonzalez, Bernal Manuel"]
[Black "Charpentier, William"]
[Result "1-0"]
[WhiteElo "2400"]
[BlackElo "2330"]
[PlyCount "138"]
[EventDate "1994.??.??"]
[Source "www.chesslib.no"]
[SourceDate "2004.05.04"]

1. f4 e5 2. fxe5 d6 3. exd6 Bxd6 4. Nf3 Bg4 5. e4 Nf6 6. Nc3 O-O 7. d3 Nh5 8. Be3 f5 9. Be2 Nf4 10. O-O Nc6 11. Qd2 Nxe2+ 12. Nxe2 fxe4 13. dxe4 Bxf3 14. Rxf3 Rxf3 15. gxf3 Ne5 16. Rf1 Qh4 17. Bf4 Bc5+ 18. Kh1 Rd8 19. Qc3 Qh3 20. Ng3 Ng6 21. Bg5 Bd6 22. f4 Rf8 23. Qc4+ Kh8 24. e5 Be7 25. Bxe7 Nxe7 26. Qe2 g6 27. e6 h5 28. f5 h4 29. fxg6 Rxf1+ 30. Nxf1 Nxg6 31. Nd2 Qf5 32. Qe4 Qg5 33. Nf3 Qc1+ 34. Ng1 Qg5 35. Nf3 Qc1+ 36. Ng1 Qg5 37. Qxb7 Qe5 38. Qc8+ Kg7 39. Qd7+ Kh6 40. Nf3 Qe4 41. Qd2+ Nf4 42. Qf2 Ng6 43. Kg1 Qg4+ 44. Kf1 Qxe6 45. Qd2+ Kg7 46. Qd4+ Kh6 47. Kf2 Qf5 48. Qd3 Qf6 49. Qe3+ Kh5 50. b3 Qf5 51. Qd3 Qc5+ 52. Nd4 Kh6 53. Qe3+ Kh7 54. c3 Qd6 55. Nf3 Qf6 56. Qc5 Qa6 57. Qxc7+ Kh6 58. Qd8 Kg7 59. Qd7+ Kg8 60. Qd5+ Kg7 61. Qd4+ Kh6 62. a4 Qb7 63. b4 Qf7 64. c4 a6 65. Qd3 Qf6 66. Qd7 Kh5 67. Qd4 Qf5 68. b5 axb5 69. cxb5 Nf4 1-0

[Event "Corr"]
[Site "?"]
[Date "2002.06.15"]
[Round "?"]
[White "Hybl Ing.Vladislav (CZE)"]
[Black "Janous Petr (CZE)"]
[Result "1-0"]
[WhiteElo "2387"]
[BlackElo "2333"]
[PlyCount "21"]
[EventDate "2002.??.??"]
[Source "www.chesslib.no"]
[SourceDate "2004.05.04"]

1. f4 e5 2. fxe5 d6 3. exd6 Bxd6 4. Nf3 Nf6 5. d4 O-O 6. Qd3 c5 7. dxc5 Bxc5 8. Qxd8 Rxd8 9. Bg5 Nbd7 10. Nc3 Bd4 11. Nxd4 1-0

[Event "HUN Team Ch"]
[Site "HUN"]
[Date "1993.??.??"]
[Round "?"]
[White "Mozes, Ervin"]
[Black "Lengyel, Bela"]
[Result "1/2-1/2"]
[WhiteElo "2365"]
[BlackElo "2350"]
[PlyCount "26"]
[EventDate "1993.??.??"]
[Source "www.chesslib.no"]
[SourceDate "2004.05.04"]

1. f4 e5 2. fxe5 d5 3. exd6 Bxd6 4. Nf3 Bg4 5. e3 Nc6 6. Be2 Nf6 7. Nc3 h5 8. Nb5 Be7 9. O-O a6 10. Nbd4 Nxd4 11. exd4 Bxf3 12. Bxf3 Qxd4+ 13. Kh1 O-O-O 1/2-1/2

[Event "Petrovskaya Ladya GM"]
[Site "Peterhof RUS"]
[Date "2008.01.05"]
[Round "4"]
[White "Pogosian, Vl"]
[Black "Vedmediuc, S."]
[Result "1/2-1/2"]
[WhiteElo "2289"]
[BlackElo "2410"]
[PlyCount "156"]
[EventDate "2008.01.03"]
[Source "www.chesslib.no"]
[SourceDate "2004.05.04"]

1. f4 e5 2. fxe5 d6 3. exd6 Bxd6 4. Nf3 g5 5. g3 g4 6. Nh4 Ne7 7. d4 Nbc6 8. c3 Ng6 9. Nxg6 hxg6 10. Qd3 Bf5 11. e4 Qe7 12. Bg2 O-O-O 13. Be3 Bd7 14. Bf2 f5 15. Nd2 fxe4 16. Nxe4 Bf5 17. O-O-O Qf7 18. d5 Ne5 19. Nxd6+ cxd6 20. Qd4 Nd3+ 21. Kd2 Nxf2 22. Qxf2 Kb8 23. Rde1 Qc7 24. Qd4 Qa5 25. a3 Qb5 26. c4 Qa4 27. Be4 Rc8 28. Bxf5 gxf5 29. Rc1 Rhe8 30. Rhe1 Rxe1 31. Kxe1 Re8+ 32. Kf2 Qb3 33. Qc3 Qb6+ 34. Kf1 f4 35. gxf4 Rf8 36. Qd2 Qb3 37. Rc3 Qa4 38. Kg2 Qd7 39. Rc1 Qf5 40. Qe3 Rh8 41. Re1 Qh7 42. Qg3 Qc2+ 43. Kh1 Qxb2 44. f5 Rh6 45. c5 Qd2 46. Re8+ Kc7 47. cxd6+ Kd7 48. Qe5 Qd1+ 49. Kg2 Qd2+ 50. Kg1 Qd1+ 51. Qe1 Qxe1+ 52. Rxe1 Rxd6 53. Re5 Ra6 54. Re3 Rf6 55. Re5 Ra6 56. Re6 Rxa3 57. f6 Rf3 58. Kg2 Rf5 59. Kg3 Rxd5 60. Re7+ Kd8 61. Kxg4 a5 62. Rxb7 Ke8 63. h4 a4 64. Ra7 a3 65. Rxa3 Kf7 66. Ra6 Rd1 67. h5 Rg1+ 68. Kf5 Rf1+ 69. Kg5 Rg1+ 70. Kh6 Rf1 71. Kh7 Rxf6 72. Ra7+ Kf8 73. Ra8+ Kf7 74. h6 Rf1 75. Rg8 Rh1 76. Rg5 Rf1 77. Rg7+ Kf8 78. Ra7 Rf7+ 1/2-1/2

[Event "Open A"]
[Site "?"]
[Date "2005.07.27"]
[Round "6"]
[White "Pogosian Vladimir"]
[Black "Potapov Alexa1"]
[Result "1-0"]
[WhiteElo "2168"]
[BlackElo "2530"]
[PlyCount "121"]
[EventDate "2005.??.??"]
[Source "www.chesslib.no"]
[SourceDate "2004.05.04"]

1. f4 e5 2. fxe5 Nc6 3. Nf3 d6 4. exd6 Bxd6 5. d4 Bf5 6. Bg5 f6 7. Bh4 Qe7 8. c3 Nh6 9. Qb3 O-O-O 10. Nbd2 Ng4 11. e4 Bxe4 12. O-O-O Bf4 13. Re1 Ne3 14. Bf2 Bg6 15. Bb5 Rhe8 16. Bxc6 bxc6 17. Qa4 Qd7 18. Nh4 Bd3 19. Qxa7 Qd5 20. Bg3 Bxg3 21. hxg3 g5 22. Nb3 Qb5 23. Nc5 gxh4 24. Qa8+ Qb8 25. Qxb8+ Kxb8 26. Nxd3 hxg3 27. Rxh7 Nxg2 28. Rg1 Re2 29. Rg7 Rh8 30. Kd1 Re3 31. Rxg2 Rxd3+ 32. Ke2 Rh2 33. R7xg3 Rxg3 34. Rxh2 Kb7 35. Rf2 Rg6 36. Kd3 Kc8 37. a4 Kb7 38. b4 Kb6 39. Rf3 Rh6 40. Ke4 Kb7 41. Kf5 Kb6 42. Ke6 Kb7 43. Kf7 f5 44. Kg7 Re6 45. Kf7 Rh6 46. Rxf5 Rh3 47. Rc5 Re3 48. Kf6 Re1 49. Kf5 Ra1 50. a5 Re1 51. Kf4 Re2 52. Kf3 Re1 53. Kf2 Re7 54. Re5 Rh7 55. Ke2 Rh3 56. Kd2 Rg3 57. Re3 Rg1 58. Kd3 Rd1+ 59. Kc4 Rb1 60. Kc5 Rb3 61. a6+ 1-0

[Event "37th Rilton Cup"]
[Site "Stockholm SWE"]
[Date "2007.12.27"]
[Round "1"]
[White "Karlsson, L."]
[Black "Holving, R."]
[Result "1-0"]
[WhiteElo "2485"]
[BlackElo "2210"]
[PlyCount "69"]
[EventDate "2007.12.27"]
[Source "www.chesslib.no"]
[SourceDate "2004.05.04"]

1. f4 e5 2. fxe5 d6 3. Nf3 g5 4. exd6 Bxd6 5. c3 g4 6. Qa4+ Nc6 7. Qe4+ Nge7 8. Nd4 Ne5 9. Nb5 Bf5 10. Qd4 N7c6 11. Nxd6+ cxd6 12. Qf4 Qa5 13. e4 Bg6 14. Be2 O-O 15. O-O f5 16. d4 fxe4 17. Qg3 Nd3 18. Rxf8+ Rxf8 19. Bh6 Rf7 20. Nd2 d5 21. Bxd3 exd3 22. Re1 Qd8 23. Qxg4 Re7 24. Rf1 Rf7 25. Qe6 Qe7 26. Rxf7 Qxf7 27. Qc8+ Qe8 28. Qxb7 Qe1+ 29. Nf1 Ne7 30. Qb8+ Kf7 31. Qf8+ Ke6 32. Qf2 Qe2 33. Qxe2+ dxe2 34. Kf2 exf1=Q+ 35. Kxf1 1-0

[Event "Corr"]
[Site "?"]
[Date "2000.??.??"]
[Round "?"]
[White "Dearnley Andrew"]
[Black "Kaden Frank"]
[Result "1/2-1/2"]
[WhiteElo "2321"]
[BlackElo "2372"]
[PlyCount "59"]
[EventDate "2000.??.??"]
[Source "www.chesslib.no"]
[SourceDate "2004.05.04"]

1. f4 e5 2. fxe5 d6 3. exd6 Bxd6 4. Nf3 g5 5. g3 g4 6. Nh4 Ne7 7. d4 Ng6 8. Nxg6 hxg6 9. Qd3 Nc6 10. c3 Bf5 11. e4 Qe7 12. Bg2 O-O-O 13. Be3 Bd7 14. Bf4 Rh5 15. Nd2 Rdh8 16. Bxd6 Qxd6 17. Nf1 Ne5 18. Qe2 Nf3+ 19. Bxf3 gxf3 20. Qxf3 Qe6 21. h4 f5 22. d5 Qxe4+ 23. Qxe4 fxe4 24. O-O-O g5 25. Rd4 gxh4 26. Rxh4 Rxh4 27. gxh4 Rxh4 28. Ng3 Rg4 29. Nxe4 Bf5 30. Nc5 1/2-1/2

[Event "Mar del Plata Open"]
[Site "Mar del Plata ARG"]
[Date "1994.??.??"]
[Round "9"]
[White "Rodi, Luis E"]
[Black "Tempone, Marcelo J"]
[Result "0-1"]
[WhiteElo "2230"]
[BlackElo "2460"]
[PlyCount "44"]
[EventDate "1994.04.??"]
[Source "www.chesslib.no"]
[SourceDate "2004.05.04"]

1. f4 e5 2. fxe5 d6 3. exd6 Bxd6 4. Nf3 Nf6 5. g3 h5 6. d3 h4 7. gxh4 Ng4 8. Bg5 f6 9. Bd2 Bc5 10. e3 Bxe3 11. Qe2 O-O 12. Bxe3 Re8 13. Bf4 Rxe2+ 14. Bxe2 Nc6 15. Nc3 Nd4 16. Nxd4 Qxd4 17. Rf1 Ne3 18. Bxe3 Qxe3 19. Nd5 Qe5 20. Nc3 Bg4 21. O-O-O Bxe2 22. Rde1 Bxf1 0-1

[Event "Moscow Ch"]
[Site "Moscow RUS"]
[Date "1984.??.??"]
[Round "?"]
[White "Antoshin, Vladimir S"]
[Black "Belov, Lev A"]
[Result "1-0"]
[WhiteElo "2305"]
[BlackElo "2385"]
[PlyCount "81"]
[EventDate "1984.04.??"]
[Source "www.chesslib.no"]
[SourceDate "2004.05.04"]

1. f4 e5 2. fxe5 d6 3. exd6 Bxd6 4. Nf3 Nf6 5. e3 Nc6 6. Bb5 O-O 7. Bxc6 bxc6 8. O-O Re8 9. Nc3 Bg4 10. Qe1 Rb8 11. d3 Qe7 12. e4 Bxf3 13. gxf3 Nh5 14. f4 f5 15. e5 Bc5+ 16. Kh1 Qf7 17. Qe2 Bd4 18. Qf3 Bxc3 19. bxc3 Qd5 20. c4 Qxf3+ 21. Rxf3 g6 22. Ba3 Kf7 23. d4 Red8 24. Rd1 Ke6 25. Bc1 Rb1 26. Rfd3 Ra1 27. d5+ Kf7 28. Be3 Rxa2 29. dxc6 Rxd3 30. cxd3 Re2 31. Bc1 Ng7 32. d4 Rc2 33. d5 Rxc4 34. e6+ Kg8 35. Be3 Ne8 36. Bxa7 Kf8 37. Bd4 Ke7 38. Be5 Nd6 39. Re1 Ra4 40. Bxd6+ cxd6 41. Rb1 1-0

[Event "BUL-ch qual"]
[Site "Velingrad"]
[Date "2004.03.17"]
[Round "7"]
[White "Tsvetkov, Ilia"]
[Black "Kozhuharov, Spas"]
[Result "1/2-1/2"]
[WhiteElo "2315"]
[BlackElo "2373"]
[PlyCount "107"]
[EventDate "2004.03.13"]
[Source "Roberto Alvarez"]
[SourceDate "2004.05.31"]

1. f4 e5 2. fxe5 d6 3. exd6 Bxd6 4. Nf3 Nf6 5. e3 Ng4 6. Qe2 Nc6 7. Nc3 Bf5 8. d3 O-O 9. e4 Re8 10. Bg5 f6 11. Be3 b5 12. O-O-O b4 13. Nb5 Bf8 14. Bf4 Rc8 15. h3 Nh6 16. Qf2 Bg6 17. Nbd4 Ne5 18. Bxh6 gxh6 19. Nxe5 fxe5 20. Nf5 c5 21. Qh4 Qa5 22. Nxh6+ Bxh6+ 23. Qxh6 Qxa2 24. Be2 Qa1+ 25. Kd2 Qxb2 26. Rb1 Qc3+ 27. Kc1 c4 28. Qd2 Qa3+ 29. Kd1 b3 30. cxb3 c3 31. Qc2 Red8 32. Ke1 Qc5 33. Rf1 Bxe4 34. dxe4 Rd2 35. Bc4+ Qxc4 36. bxc4 Rxc2 37. Rf2 Rxf2 38. Kxf2 Rxc4 39. Ke3 c2 40. Rc1 h5 41. Kd3 Rc5 42. g3 h4 43. gxh4 Kg7 44. Rxc2 Rxc2 45. Kxc2 Kg6 46. Kb3 Kh5 47. Kc4 a5 48. Kb5 Kxh4 49. Kxa5 Kxh3 50. Kb4 Kg3 51. Kc4 Kf3 52. Kd3 Kf4 53. Kd2 Kxe4 54. Ke2 1/2-1/2

[Event "Tirnavia-B"]
[Site "Trnava SVK"]
[Date "1987.??.??"]
[Round "3"]
[White "Drtina, Milan"]
[Black "Blatny, Pavel"]
[Result "1/2-1/2"]
[WhiteElo "2280"]
[BlackElo "2405"]
[PlyCount "120"]
[EventDate "1987.??.??"]
[Source "www.chesslib.no"]
[SourceDate "2004.05.04"]

1. f4 e5 2. fxe5 d6 3. Nf3 dxe5 4. e4 Nf6 5. c3 Bc5 6. d4 exd4 7. cxd4 Bb4+ 8. Bd2 Qe7 9. Bxb4 Qxb4+ 10. Qd2 Nc6 11. Nc3 Bg4 12. Bb5 O-O 13. Bxc6 bxc6 14. O-O c5 15. a3 Qc4 16. dxc5 Qxc5+ 17. Kh1 Rad8 18. Qf4 Be6 19. Rac1 Qb6 20. b4 Bc8 21. Ne5 Rd4 22. Na4 Qa6 23. Nc5 Qd6 24. Ned3 Nxe4 25. Nxe4 Qxf4 26. Rxf4 Rxd3 27. h3 Rd7 28. Nc5 Re7 29. Rd4 f5 30. a4 f4 31. Rf1 g5 32. Kg1 Kg7 33. Rd2 Re5 34. a5 h6 35. Rc1 f3 36. Nd3 Re7 37. Rdc2 Rff7 38. gxf3 Bxh3 39. Rc5 Rxf3 40. Rxc7 Rff7 41. Rxe7 Rxe7 42. b5 Rb7 43. Rc5 Bg4 44. Kf2 Bd1 45. a6 Rf7+ 46. Ke1 Bf3 47. Ne5 Re7 48. Kf2 Ba8 49. Nc4 Rf7+ 50. Kg1 Rd7 51. Rc8 Be4 52. Rb8 Kf6 53. b6 axb6 54. Rxb6+ Kg7 55. Nd6 Bf3 56. Nf5+ Kf8 57. Rxh6 Be2 58. Rh8+ Kf7 59. a7 Rxa7 60. Rh7+ Kf6 1/2-1/2

[Event "Woburn, MA"]
[Site "?"]
[Date "1998.01.31"]
[Round "2"]
[White "Curdo John"]
[Black "Mac Intyre Paul"]
[Result "0-1"]
[WhiteElo "2409"]
[BlackElo "2273"]
[PlyCount "52"]
[EventDate "1998.??.??"]
[Source "www.chesslib.no"]
[SourceDate "2004.05.04"]

1. f4 e5 2. fxe5 d6 3. Nf3 dxe5 4. Nc3 Nc6 5. e4 Bc5 6. Na4 Be7 7. Bb5 Qd6 8. O-O Bd7 9. d3 a6 10. Bxc6 Bxc6 11. Nc3 O-O-O 12. Be3 Nh6 13. Bxh6 gxh6 14. Nh4 Qe6 15. Nf5 Bc5+ 16. Kh1 Rhg8 17. Qh5 Rg6 18. Rae1 Kb8 19. Ne3 Rdg8 20. g3 Rg5 21. Qxf7 Qh3 22. Rg1 Rf8 23. Qc4 Bxe3 24. Rg2 Rgf5 25. d4 exd4 26. Nd5 Rf2 0-1

[Event "Czech Republic"]
[Site "?"]
[Date "2002.??.??"]
[Round "3"]
[White "Lys Josef"]
[Black "Jackova Jana"]
[Result "0-1"]
[WhiteElo "2353"]
[BlackElo "2324"]
[PlyCount "79"]
[EventDate "2002.??.??"]
[Source "www.chesslib.no"]
[SourceDate "2004.05.04"]

1. f4 e5 2. fxe5 d6 3. Nf3 dxe5 4. e4 Bc5 5. Bc4 Nf6 6. d3 O-O 7. Bg5 h6 8. Bh4 Qd6 9. Nc3 c6 10. a4 Nh5 11. Qd2 Be6 12. Bxe6 Qxe6 13. Bf2 Nd7 14. Bxc5 Nxc5 15. Qf2 Qd6 16. Nh4 Ne6 17. Nf5 Qb4 18. Rb1 Nhf4 19. O-O Kh7 20. Kh1 a6 21. Ne3 b5 22. g3 Ng6 23. Qf5 bxa4 24. Nc4 Nd4 25. Qf2 Nb5 26. Qb6 Rab8 27. Qa5 Qxa5 28. Nxa5 a3 29. Nxc6 Nxc3 30. bxc3 Rxb1 31. Rxb1 Rc8 32. Nb4 Rxc3 33. Rc1 Ne7 34. Nd5 Nxd5 35. exd5 Kg8 36. Ra1 Kf8 37. Ra2 Ke7 38. Kg2 Kd6 39. Kf2 Kxd5 40. Ke3 0-1

[Event "6th Parsvnath Open"]
[Site "New Delhi IND"]
[Date "2008.01.18"]
[Round "8"]
[White "Girinath, P."]
[Black "Saravana, Kr"]
[Result "1-0"]
[WhiteElo "2430"]
[BlackElo "2243"]
[PlyCount "109"]
[EventDate "2008.01.13"]
[Source "www.chesslib.no"]
[SourceDate "2004.05.04"]

1. f4 e5 2. fxe5 d6 3. e6 Bxe6 4. Nf3 d5 5. d4 c5 6. Be3 Nh6 7. Bxh6 gxh6 8. Nc3 Nc6 9. e3 Rg8 10. Qd2 c4 11. Ne2 Bf5 12. c3 Bd6 13. g3 Qe7 14. Bg2 O-O-O 15. O-O Bd3 16. Ne1 Be4 17. Nf4 Kb8 18. Nf3 Rg4 19. Rae1 f5 20. Nh4 Rdg8 21. Bxe4 Qxe4 22. Nhg2 Nd8 23. Qf2 Nf7 24. Nh5 Ng5 25. Qxf5 Nh3+ 26. Kh1 Qxf5 27. Rxf5 R4g5 28. Ref1 Be7 29. Nh4 Rg4 30. Nf6 Bxf6 31. Rxf6 Ng5 32. Rf8+ Rxf8 33. Rxf8+ Kc7 34. Rf4 h5 35. Kg2 b5 36. h3 Rxf4 37. exf4 Ne4 38. Nf5 a5 39. a3 Nd2 40. Kf2 Nb3 41. Ke2 Nc1+ 42. Kd2 Nd3 43. Ng7 h4 44. gxh4 Nxf4 45. Ne8+ Kc6 46. Nf6 h5 47. Ke3 Nd3 48. b4 a4 49. Nxh5 Ne1 50. Nf4 Kd6 51. h5 Ke7 52. Nxd5+ Kf7 53. Nf4 Kg7 54. d5 Nc2+ 55. Kd2 1-0

[Event "Open"]
[Site "?"]
[Date "2003.08.24"]
[Round "9"]
[White "Balinov Ilija"]
[Black "Neumeier Klaus"]
[Result "1-0"]
[WhiteElo "2417"]
[BlackElo "2255"]
[PlyCount "43"]
[EventDate "2003.??.??"]
[Source "www.chesslib.no"]
[SourceDate "2004.05.04"]

1. f4 e5 2. fxe5 Nc6 3. Nf3 g5 4. d4 g4 5. Ng1 d6 6. e4 dxe5 7. d5 Nce7 8. Nc3 a6 9. h3 Ng6 10. hxg4 Be7 11. Qf3 Bh4+ 12. g3 Bg5 13. Bxg5 Qxg5 14. Be2 Qe7 15. O-O-O Nh6 16. d6 Qg5+ 17. Kb1 Bxg4 18. Qf2 Be6 19. d7+ Bxd7 20. Nd5 Ng4 21. Bxg4 Bxg4 22. Qf6 1-0

[Event "Budapest FS05 IM"]
[Site "Budapest HUN"]
[Date "1993.??.??"]
[Round "8"]
[White "Mozes, Ervin"]
[Black "Svensson, Leif"]
[Result "1-0"]
[WhiteElo "2365"]
[BlackElo "2305"]
[PlyCount "73"]
[EventDate "1993.05.??"]
[Source "www.chesslib.no"]
[SourceDate "2004.05.04"]

1. f4 e5 2. fxe5 d6 3. Nf3 dxe5 4. Nxe5 Bd6 5. Nf3 Nf6 6. d3 Nc6 7. Nc3 Ng4 8. Ne4 Bb4+ 9. c3 f5 10. Neg5 Bd6 11. Nh3 O-O 12. Qb3+ Kh8 13. g3 Qe8 14. Bg2 a5 15. Qc2 a4 16. O-O a3 17. b3 Ra6 18. Nf2 Qh5 19. e3 Ne7 20. Nxg4 fxg4 21. Nd2 Nf5 22. Ne4 Be7 23. Bh1 Rh6 24. Qe2 Bd7 25. Bd2 Bc6 26. Rf2 Re6 27. Raf1 Qg6 28. Rf4 h5 29. Qf2 Re5 30. c4 Qe6 31. Bc3 g6 32. d4 Bxe4 33. Bxe4 Bg5 34. Bxf5 gxf5 35. dxe5 c5 36. h4 gxh3 37. Kh2 1-0

[Event "Fil Brothers Cup"]
[Site "?"]
[Date "2000.??.??"]
[Round "11"]
[White "Nachev Stanislav"]
[Black "Rozkov Nikolai"]
[Result "1/2-1/2"]
[WhiteElo "2352"]
[BlackElo "2316"]
[PlyCount "115"]
[EventDate "2000.??.??"]
[Source "www.chesslib.no"]
[SourceDate "2004.05.04"]

1. f4 e5 2. fxe5 d6 3. exd6 Bxd6 4. Nf3 g5 5. g3 g4 6. Nh4 Ne7 7. d4 Ng6 8. Nxg6 hxg6 9. Qd3 Nc6 10. c3 Bf5 11. e4 Qe7 12. Bg2 O-O-O 13. Nd2 Be6 14. Nf1 f6 15. Bf4 Bc5 16. Be3 Bb6 17. Qe2 f5 18. e5 Qf7 19. Nd2 Ne7 20. Bg5 c5 21. dxc5 Bxc5 22. c4 Rd7 23. O-O-O Rhd8 24. b3 Qf8 25. Nb1 Bd4 26. Be3 Nc6 27. Bxc6 bxc6 28. Bxd4 Rxd4 29. Rxd4 Rxd4 30. Rd1 Qc5 31. Nc3 Bxc4 32. bxc4 Rxc4 33. Qd2 Rxc3+ 34. Kb2 Rc4 35. Qd7+ Kb8 36. Qd8+ Kb7 37. Rd7+ Ka6 38. Qc8+ Ka5 39. Qc7+ Qb6+ 40. Qxb6+ Kxb6 41. e6 Re4 42. e7 a5 43. a4 Kc5 44. Kc3 g5 45. Ra7 Kb6 46. Rd7 Re6 47. Kc4 f4 48. gxf4 gxf4 49. Rd4 f3 50. Rxg4 Rxe7 51. Rf4 Re3 52. Rf7 Ra3 53. h3 Rxa4+ 54. Kb3 Ra1 55. Rxf3 Kb5 56. Kb2 Rg1 57. Rb3+ Kc4 58. Rc3+ 1/2-1/2

[Event "POL-ch sf"]
[Site "?"]
[Date "1998.??.??"]
[Round "9"]
[White "Grabarczyk Bogdan"]
[Black "Jakubowski Krzysztof"]
[Result "1-0"]
[WhiteElo "2425"]
[BlackElo "2235"]
[PlyCount "113"]
[EventDate "1998.??.??"]
[Source "www.chesslib.no"]
[SourceDate "2004.05.04"]

1. f4 e5 2. fxe5 d6 3. exd6 Bxd6 4. Nf3 g5 5. g3 g4 6. Nh4 Ne7 7. Nc3 Ng6 8. Nxg6 hxg6 9. Ne4 Bf5 10. Nxd6+ Qxd6 11. d3 Nc6 12. e4 O-O-O 13. Bg2 Rhe8 14. Qe2 Nd4 15. Qf2 Nf3+ 16. Bxf3 gxf3 17. Be3 Qb4+ 18. Bd2 Qxb2 19. O-O Bh3 20. Rfc1 f5 21. Rab1 Qa3 22. Rb3 Qa6 23. Bg5 Rd7 24. Qc5 Kb8 25. e5 f4 26. Bxf4 Be6 27. Ra3 Qb6 28. Qxb6 axb6 29. Kf2 Bd5 30. Re1 b5 31. h4 b6 32. Rb1 Bc6 33. Rab3 Kb7 34. a3 g5 35. Bxg5 Rxe5 36. Be3 Rde7 37. Re1 Re8 38. Rb4 Ra8 39. Rb3 Ree8 40. Rh1 Rxe3 41. Kxe3 Re8+ 42. Kf4 Rf8+ 43. Ke5 Re8+ 44. Kf6 Rg8 45. Rbb1 Rxg3 46. Rh2 Rg4 47. Rf1 Rd4 48. h5 Rd6+ 49. Kg5 Rd5+ 50. Kf4 Rd4+ 51. Ke3 Rd8 52. h6 Rh8 53. Kf4 Bd5 54. h7 Kc6 55. Ke5 Kc5 56. Rh4 c6 57. c3 1-0

[Event "St Petersburg RUS"]
[Site "?"]
[Date "2005.03.06"]
[Round "4"]
[White "Pogosian Vl"]
[Black "Solovjov Sergey I"]
[Result "0-1"]
[WhiteElo "2204"]
[BlackElo "2456"]
[PlyCount "61"]
[EventDate "2005.??.??"]
[Source "www.chesslib.no"]
[SourceDate "2004.05.04"]

1. f4 e5 2. fxe5 d6 3. exd6 Bxd6 4. Nf3 g5 5. g3 g4 6. Nh4 Ne7 7. d4 Ng6 8. Nxg6 hxg6 9. Qd3 Nc6 10. c3 Bf5 11. e4 Qe7 12. Bg2 O-O-O 13. Be3 Bd7 14. Nd2 Rxh2 15. Rxh2 Bxg3+ 16. Bf2 Bxh2 17. O-O-O Bf4 18. Kb1 g3 19. Bxg3 Ne5 20. dxe5 Ba4 21. Qf3 Bxd2 22. b3 Bb5 23. c4 Bc6 24. Qf2 Bg5 25. Rd5 Kb8 26. Bf4 Bxd5 27. exd5 Bxf4 28. Qxf4 Re8 29. d6 cxd6 30. exd6 Qe1+ 31. Kb2 0-1

[Event "Baden-ch MA"]
[Site "?"]
[Date "2003.04.18"]
[Round "1.10"]
[White "Mueller Erich"]
[Black "Hoffmann Michael"]
[Result "1-0"]
[WhiteElo "2219"]
[BlackElo "2435"]
[PlyCount "111"]
[EventDate "2003.??.??"]
[Source "www.chesslib.no"]
[SourceDate "2004.05.04"]

1. f4 e5 2. fxe5 d6 3. exd6 Bxd6 4. Nf3 Bg4 5. e4 Nf6 6. Nc3 O-O 7. Be2 Nc6 8. d3 Bc5 9. Bg5 Bxf3 10. Bxf3 Qd4 11. Qd2 Ne5 12. O-O-O Nfg4 13. Bxg4 Nxg4 14. Rde1 Bb4 15. Qe2 Ne5 16. Bd2 c5 17. Nd5 Bxd2+ 18. Qxd2 Qa4 19. Kb1 Qd7 20. Qc3 Qd6 21. Rhf1 b5 22. Re3 b4 23. Qe1 a5 24. Qh4 Ng6 25. Qh5 a4 26. Rh3 h6 27. Rg3 Kh7 28. Qf5 b3 29. cxb3 axb3 30. a3 Rae8 31. Qf3 Ne5 32. Qd1 Rc8 33. d4 cxd4 34. Qxd4 Rc4 35. Qb6 Qxb6 36. Nxb6 Rxe4 37. Rxb3 Rb8 38. Ka2 Re2 39. Rg1 Nc6 40. Nc4 Rbe8 41. Rd3 Ne5 42. Nxe5 R8xe5 43. a4 f5 44. Ra3 f4 45. g3 fxg3 46. Raxg3 g5 47. R1g2 R2e4 48. Ka3 Kg6 49. b4 Rf4 50. a5 Ree4 51. Rb3 Kf5 52. Rc2 Rd4 53. a6 Ke5 54. Ka4 Kd6 55. Ka5 Rd5+ 56. b5 1-0